000 00296nam a22001097a 4500
008 150916b xxu||||| |||| 00| 0 eng d
020 _a0151307482
082 _a330.9759 NOL
100 _aNOLAN,D
245 _aFIFTY FEET IN PARADISE
260 _aNEW YORK;
_bHARCOURT BRACE JOVANOVICH,PUBLISHERS
_c1984.
999 _c3068
_d3068